00714nam a2200241 a 4500001001300000003000900013005001700022008004100039020001000080082001600090100001800106245001900124260005400143300000900197500003500206505004700241650001900288700001800307902000800325942000700333952011700340999001500457nice12345678IN_TiNIC20260116012440.0050524s0000 hyda grp 000 0 ara  ac10000a892.73bSAM aSamina, Qadri aRobinson Kruzu aHyderabad bMarkazi Anjuman Taleemus Salat c0000 a142p aincludes index and biblioraphy2 aFoot notes by Maulana Maulvi Ilahi Bakhsh. aArabic-Fiction1 aSamina, Qadri bSRS cBK 001040708StackRoom-aHMIbHMId2007-06-04g100.00l0o892.73 SAMp011777r2007-06-04v100.00w2005-05-24yBK c7072d7072